LEADER 01297nam a2200277 i 4500 001 000000033897 003 CaOOAMICUS 005 20021114000000.0 008 021114s1988 it u000 u ita u 020 $a88-7610-266-3 040 $aSeMil$bita 100 1 $aFormigoni, Guido,$d<1958- >.$0(OLS)http://semarc/name/8988 245 12$aL'Azione Cattolica Italiana /$cGuido Formigoni. 260 $aMilano :$bÀncora,$ccopyr. 1988. 300 $a222 p. ;$c19 cm. 490 0 $aPiccola biblioteca di scienze religiose ;$v1. Didattica e pastorale 500 $aContiene : [5] Appendici ; Bibliografia ragionata introduttiva. - A piè del front. : Istituto Superiore di Scienze Religiose di Milano. - Fondo Card. C.M. Martini. 650 4$aAzione Cattolica Italiana.$0(OLS)http://semarc/subject/1626 830 0$aPiccola biblioteca di scienze religiose ;$v1. Didattica e pastorale.$0(OLS)http://semarc/title/10490 850 $aSeMil 852 $aSeMil$W1$xVenegono$y1$m3E III 303$j52$B52$CSeMilBibl$Z2$F52 $81 941 1 $a4 961 $aOmaggio: Martini Card. Carlo Maria 996 $6020$a88-7610-266-3$9(OLS)http://semarc/number/1511 996 $6245$aL'Azione Cattolica Italiana$9(OLS)http://semarc/title/45523 996 $6260$aMilano :$bÀncora$9(OLS)http://semarc/publisher/29763 LEADER 01220nam a2200289 i 4500 001 000000224899 003 CaOOAMICUS 005 20131113000000.0 008 131113s1998 it u000 u ita u 013 $a203797 020 $a88-15-06144-4 040 $aSeMil$bita 100 1 $aZumthor, Paul,$d<1915-1995>.$0(OLS)http://semarc/name/66502 240 10$aBabel, ou L'inachèvement.$0(OLS)http://semarc/title/322229 245 10$aBabele :$bdell'incompiutezza /$cPaul Zumthor. 260 $aBologna :$bIl Mulino,$c1998. 300 $a216 p. ;$c21 cm. 490 0 $aIntersezioni ;$v184 650 4$aTorre di Babele.$0(OLS)http://semarc/subject/27183 650 4$aBibbia. Antico Testamento. Genesi - Commentari, studi, critica, interpretazioni.$0(OLS)http://semarc/subject/344 830 0$aIntersezioni ;$v184.$0(OLS)http://semarc/title/6889 850 $aSeMil 852 $aSeMil$W1$xVenegono$y1$m2R II 235$j175245$B175245$CSeMilBibl$Z2$F186843 $81 961 $aOmaggio: Bressan don Luca 996 $6020$a88-15-06144-4$9(OLS)http://semarc/number/225595 996 $6245$aBabele :$bdell'incompiutezza$9(OLS)http://semarc/title/322228 996 $6260$aBologna :$bIl Mulino$9(OLS)http://semarc/publisher/29842